| 000 | 01707 a2200253 4500 | ||
|---|---|---|---|
| 001 | 47166 | ||
| 005 | 20260407155740.0 | ||
| 008 | 260407a1996 arg spa d | ||
| 003 | AR-UNSa-BCEJYS | ||
| 040 |
_aAR-UNSa-BCEJYS _bspa _cAR-UNSa-BCEJYS |
||
| 080 |
_a330.101.542 _xMicroeconomía |
||
| 245 | 1 | 0 |
_aMicroeconomía intermedia _pun enfoque moderno |
| 250 | _a4a. ed. | ||
| 264 | 1 |
_aBarcelona : _bAntoni Bosch _c1996 |
|
| 300 |
_axxiii, 707 p. _c23 cm. |
||
| 505 | _a1. El mercado - 2. La restricción presupuestaria - 3. Las preferencias - 4. La utilidad - 5. La elección - 6. La demanda - 7. Las preferencias reveladas - 8. La ecuación de Slutsky - 9. La compra y la venta - 10. La elección intertemporal - 11. Los mercados de activos - 12. La incertidumbre - 13. Los activos inciertos - 14. El excedente del consumidor - 15. La demanda del mercado - 16. El equilibrio - 17. La tecnología - 18. La maximización del beneficio - 19. La minimización de los costes - 20. Las curvas de costes - 21. La oferta de la empresa - 22. La oferta de la industria - 23. El monopolio - 24. La conducta del monopolio - 25. Los mercados de factores - 26. El oligopolio - 27. La teoría de los juegos - 28. El intercambio - 29. La producción - 30. El bienestar - 31. Las externalidades - 32. Derecho y economía - 33. La tecnología de la información - 34. Los bienes públicos - 35. Información asimétrica. | ||
| 041 | _aspa | ||
| 942 | _cBK | ||
| 590 | _aniveau_biblio:m niveau_hierar:0 | ||
| 100 | 1 | _aVarian, Hal R. | |
| 700 | 1 | _aRabasco, María Esther | |
| 700 | 1 | _aToharia Cortés, Luis | |
| 856 | 4 | 1 |
_uhttps://www.biblioeco.unsa.edu.ar/pmb/images/libros/L127414.jpg _yImagen de portada _qimage/jpeg |
| 999 |
_c4307 _d4307 |
||